Finančné a ekonomické dopady pandémie COVID-19 na leteckú dopravu bakalárska práca

Na minha lista:
Detalhes bibliográficos
Autor principal: Hlaváčová, Andrea
Autor Corporativo: Fakulta podnikového manažmentu EU. Katedra podnikových financií
Outros Autores: Lukáč, Jakub, 1992-
Formato: Livro
Idioma:eslovaco
Publicado em: Bratislava 2023
Tags: Adicionar Tag
Sem tags, seja o primeiro a adicionar uma tag!

MARC

LEADER 00000nbm a2200000 4500
001 0293413
005 20240522095806.0
041 0 |a slo 
044 |a SK 
245 1 0 |a Finančné a ekonomické dopady pandémie COVID-19 na leteckú dopravu  |b bakalárska práca  |c Andrea Hlaváčová ; školiteľ: Jakub Lukáč 
264 1 |a Bratislava  |c 2023 
300 |a 58 s. 
100 1 |a Hlaváčová, Andrea 
700 1 |a Lukáč, Jakub, 1992- 
710 2 |a Fakulta podnikového manažmentu EU. Katedra podnikových financií